| 000 | 00605nam a22001817a 4500 | ||
|---|---|---|---|
| 005 | 20140917114220.0 | ||
| 010 | _aENG-110871 | ||
| 020 |
_a9789351431756 _c150.00 |
||
| 035 | _aEN-94403 | ||
| 037 | _bDBAD/PUB | ||
| 100 | _aRosedar, S. R. A. | ||
| 245 |
_aProperty laws : _cby Rosedar S. R. A. _btransfer of property and easements / |
||
| 260 |
_aGurgaon _bLexis Nexis _c2014 |
||
| 270 |
_a14th Floor, Building No.10, Tower-B, DLF Cyber City, Phase-II _bGurgaon _e122002 |
||
| 300 |
_aviii,100p. _c22cm(pbk) |
||
| 490 | _aQuick reference guide series | ||
| 942 |
_2ddc _cEN _mROS _h346.5404 |
||
| 999 |
_c88699 _d88699 |
||